000 00677cam a22002533a 4500
001 24277
003 PGUSA
005 20140828083523.0
008 080114s2008||||xxu|||||s|||||000 1 eng d
040 _aPGUSA
_beng
042 _adc
050 4 _aPS
100 1 _aBerryman, John,
_d1919-1988
245 1 0 _aCard Trick
_h[electronic resource] /
_cJohn Berryman
260 _bProject Gutenberg,
_c2008
506 _aPublic domain in the USA.
516 _aElectronic text
653 _aScience fiction
653 _aParapsychology -- Fiction
700 1 _aDouglas
830 0 _aProject Gutenberg
_v24277
856 4 0 _uhttp://www.gutenberg.org/ebooks/24277
942 _cEB
999 _c253532
_d253532